| 000 | 00718nam a22002297a 4500 | ||
|---|---|---|---|
| 003 | 0 | ||
| 005 | 20251021163332.0 | ||
| 008 | 251021b xxu||||| |||| 00| 0 eng d | ||
| 020 | _a978-1-03-280577-1 | ||
| 050 |
_aHD 30.28 _b.S55 2025 |
||
| 100 |
_aShimizu, Katsuhiko, _eauthor. |
||
| 245 |
_aThe Cores of strategic management / _cKatsuhiko Shimizu. |
||
| 250 | _aSecond edition. | ||
| 260 |
_aNew York, NY : _bRoutledge, _c2025. |
||
| 300 |
_axii, 181 pages : _billustrations ; _c23 cm. |
||
| 504 | _aIncludes bibliographical references and index. | ||
| 650 | _aStrategic management. | ||
| 650 | _aStrategic planning. | ||
| 650 | _aCorporate governance. | ||
| 650 | _aIndustrial management. | ||
| 942 |
_2lcc _cBK |
||
| 999 |
_c368330 _d368330 |
||